Statistics for British Open Golf Champions

Click here to take the quiz!

General Stats

  • This quiz has been taken 1,876 times
  • The average score is 39 of 63

Answer Stats

HintAnswer% Correct
2006Tiger Woods
97%
2000Tiger Woods
97%
2005Tiger Woods
97%
2012Ernie Els
93%
2002Ernie Els
93%
1978Jack Nicklaus
92%
1970Jack Nicklaus
92%
1966Jack Nicklaus
92%
1982Tom Watson
87%
1983Tom Watson
87%
1977Tom Watson
87%
1975Tom Watson
87%
1980Tom Watson
87%
1992Nick Faldo
85%
1990Nick Faldo
85%
1987Nick Faldo
85%
1961Arnold Palmer
84%
1962Arnold Palmer
84%
1968Gary Player
81%
1959Gary Player
81%
1974Gary Player
81%
1979Seve Ballesteros
79%
1984Seve Ballesteros
79%
1988Seve Ballesteros
79%
1986Greg Norman
78%
1993Greg Norman
78%
2007Padraig Harrington
71%
2008Padraig Harrington
71%
2011Darren Clarke
67%
1995John Daly
66%
1971Lee Trevino
64%
1972Lee Trevino
64%
1953Ben Hogan
61%
1985Sandy Lyle
60%
1999Paul Lawrie
57%
2001David Duval
56%
2009Stuart Cink
54%
1969Tony Jacklin
54%
2003Ben Curtis
52%
1998Mark O'Meara
51%
1994Nick Price
51%
1976Jonny Miller
49%
2010Louis Oosthuizen
49%
2004Todd Hamilton
49%
1991Ian Baker-Finch
48%
1997Justin Leonard
47%
1996Tom Lehman
46%
1955Peter Thompson
45%
1956Peter Thompson
45%
1965Peter Thompson
45%
1958Peter Thompson
45%
1989Mark Calcavecchia
38%
1973Tom Weiskopf
36%
1963Bob Charles
32%
1952Bobby Locke
31%
1950Bobby Locke
31%
1957Bob Locke
31%
1981Bill Rodgers
27%
1960Kev Nagle
24%
1964Tony Lema
24%
1951Max Faulkner
23%
1954Peter Thompson
10%
1967Roberto De Vicenco
7%

Score Distribution

Percentile by Number Answered

Percent of People with Each Score

Your Score History

You have not taken this quiz